| 000 | 00403nam a22001457a 4500 | ||
|---|---|---|---|
| 003 | SGT | ||
| 020 | _a9789392953460 | ||
| 082 |
_a630 _bSIN |
||
| 100 | _aSINGH NITESH | ||
| 245 |
_a COMPETITIVE BOOK FOR AGRICULTURE AND PLANT SCIENCE _bA COMPLETE BOOK FOR JRF, ICAR,SAUs and OTHER EXAMINATIONS |
||
| 250 | _a1 | ||
| 260 |
_aRAJASTHAN _bVITAL BIOTECH PUBLICATION _c2022 |
||
| 300 | _a350 | ||
| 942 |
_2ddc _cBK |
||
| 999 |
_c25604 _d25604 |
||